000 00856cam a22002534a 4500
001 13529430
003 ARRUPE
005 20150217020007.0
008 040319s2005 nyu b 001 0 eng
010 _a 2004006566
020 _a0321202805 (pbk.)
040 _aDLC
_cDLC
_dDLC
042 _apcc
050 0 0 _aBJ1012
_b.W355 2005
100 1 _aWaller, Bruce N.,
_d1946-
_92532
245 1 0 _aConsider ethics :
_btheory, readings, and contemporary issues /
_cBruce N. Waller.
260 _aNew York :
_bPearson/Longman,
_cc2005.
300 _axvi, 320 p. ;
_c24 cm.
504 _aIncludes bibliographical references and index.
650 0 _aEthics.
_92533
906 _a7
_bcbc
_corignew
_d1
_eecip
_f20
_gy-gencatlg
942 _2lcc
_cMONOGRAPH
_03
999 _c118349
_d118349